000 01359cab a2200337 4500
001 ABS51149
008 090401t1994 xxu||||| |||| 00| 0 eng d
035 _a(Sirsi) u12928
041 _aeng
100 _aFoxwell, R.
245 _aRaising the standard
260 _c1994
350 _a0
490 _aCSM (Chartered Surveyor Monthly)
_vJuly/August 1994, 44-45(2)
520 _aReports on the significant progress that the Residential Estate Agency Training and Education Association(REATEA) has made with National Vocational Qualifications(NVQs) and Scottish Vocational Qualification(SVQs) for sales negotiators and managers in residential estate agencies.States that this has proved an excellent alternative to training or distance learning courses
650 _aNATIONAL COUNCIL FOR VOCATIONAL QUALIFICATIONS
650 _aNATIONAL VOCATIONAL QUALIFICATIONS
650 _aNATIONWIDE ESTATE AGENTS
650 _aNCVQ
650 _aNVQS
650 _aREATEA
650 _aRESIDENTIAL ESTATE AGENCY TRAINING AND EDUCATION ASSOCIATION
650 _aROYAL INSURANCE PROPERTY SERVICES
650 _aSCOTTISH VOCATIONAL EDUCATION COUNCIL
650 _aSCOTTISH VOCATIONAL QUALIFICATIONS
650 _aSCOTVEC
650 _aSVQS
690 _aMANAGEMENT-BUSINESS MANAGEMENT-PROFESSIONAL PRACTICE
942 _n0
948 _c04/03/1997
999 _c8301
_d8301